000 00894cam a22002414a 4500
005 20250605164214.0
008 250528s ||||||||||||||||||||||||d
035 _a20418
020 _a673102106
040 _aGR-AtMCL
_bgre
_dGR-AtMCL
_eAACR2
245 1 _aOutlooks / Through Literature
260 _bScott, Foresman And Company,
_c1976
300 _a628
505 0 _aTwelve Angry Men, An Enemy of the People, The Short Story, Poetry, Julius Caesar, Prose Forms, Medieval Tales and Legends, Three One-Act Olays.
520 _aTwelve Angry Men, An Enemy of the People, The Short Story, Poetry, Julius Caesar, Prose Forms, Medieval Tales and Legends, Three One-Act Olays.
700 1 _aCage Thomas E
_96401
700 1 _aFarrell Edmund James
_95874
700 1 _aPforddresher John
_96402
700 1 _aRodrigues Raymond J
_96403
942 _cBK
999 _c5527
_d5527